Statistics for Choose the correct definition

Click here to take the quiz!

General Stats

  • This quiz has been taken 26 times
  • The average score is 10 of 15

Answer Stats

QuestionAnswer% Correct
YttriumA chemical element
96%
ChiffonA lightweight fabric
87%
MarquessA rank of nobility in the UK
87%
AgletProtects the end of a shoelace
87%
PilcrowA symbol used to mark a new paragraph
70%
GoogolplexA very large number
70%
LarynxVoice box
70%
TinesThe prongs of a fork
65%
ChadFragments punched out of paper by a hole punch
61%
QuireTwo dozen sheets of paper
57%
TrebuchetA type of catapult
52%
SplatWood in the middle of the back of a chair
52%
FutzTo waste time
48%
CanorousMelodious or resonant
35%
JentacularRelating to early morning / breakfast
35%

Score Distribution

Percentile by Number Answered

Percent of People with Each Score

Your Score History

You have not taken this quiz